书目信息 |
| 题名: |
神奇的蚂蚁世界
|
|
| 作者: | 王维浩 编著 | |
| 分册: | 蜜罐蚁赞歌 | |
| 出版信息: | 石家庄 河北少年儿童出版社 2015.08 |
|
| 页数: | 53页 | |
| 开本: | 24cm | |
| 丛书名: | ||
| 单 册: | ||
| 中图分类: | Q969.54 | |
| 科图分类: | ||
| 主题词: | 蚁科--少年读物 | |
| 电子资源: | ||
| ISBN: | 978-7-5376-8058-5 | |
| 000 | 00837nam0 2200241 450 | |
| 001 | 0120151700205845 | |
| 005 | 20160516095124.64 | |
| 010 | @a978-7-5376-8058-5@dCNY15.80 | |
| 100 | @a20151019d2015 cemy0chiy50 ea | |
| 101 | 0 | @achi |
| 102 | @aCN@b130000 | |
| 105 | @aa z 000yy | |
| 106 | @ar | |
| 200 | 1 | @a神奇的蚂蚁世界@9shen qi de ma yi shi jie@i蜜罐蚁赞歌@f王维浩编著 |
| 210 | @a石家庄@c河北少年儿童出版社@d2015.08 | |
| 215 | @a53页@d24cm | |
| 330 | @a本书内容丰富、翔实,文字简明、易懂,图画生动、有趣。主要内容包括:蜜罐蚁赞歌、红武士蚁掠奴、“寄生虫”屠夫蚁、机智的布拉旦几司蚁、织叶蚁壮举、切首蚁阴谋、霸道的阿蚁、苔蚁的入侵。 | |
| 333 | @a青少年 | |
| 606 | 0 | @a蚁科@j少年读物 |
| 690 | @aQ969.54@v5 | |
| 701 | 0 | @a王维浩@9wang wei hao@4编著 |
| 801 | 0 | @aCN@b人天书店@c20151019 |
| 905 | @b877612-17@dQ969.54@e36@f6 | |
| 神奇的蚂蚁世界.蜜罐蚁赞歌/王维浩编著.-石家庄:河北少年儿童出版社,2015.08 |
| 53页;24cm |
| 使用对象:青少年 |
| ISBN 978-7-5376-8058-5:CNY15.80 |
| 本书内容丰富、翔实,文字简明、易懂,图画生动、有趣。主要内容包括:蜜罐蚁赞歌、红武士蚁掠奴、“寄生虫”屠夫蚁、机智的布拉旦几司蚁、织叶蚁壮举、切首蚁阴谋、霸道的阿蚁、苔蚁的入侵。 |
| ● |
| 相关链接 |
|
|
|
|
正题名:神奇的蚂蚁世界
索取号:Q969.54/36
 
预约/预借
| 序号 | 登录号 | 条形码 | 馆藏地/架位号 | 状态 | 备注 |
| 1 | 877612 | 208776127 | 第二样本阅览室/ [索取号:Q969.54/36] | 在馆 | |
| 2 | 877613 | 208776136 | 教育系资料室/ [索取号:Q969.54/36] | 在馆 | |
| 3 | 877614 | 208776145 | 教育系资料室/ [索取号:Q969.54/36] | 在馆 | |
| 4 | 877615 | 208776154 | 教育系资料室/ [索取号:Q969.54/36] | 在馆 | |
| 5 | 877616 | 208776163 | 第三借阅区/ [索取号:Q969.54/36] | 在馆 | |
| 6 | 877617 | 208776172 | 第三借阅区/ [索取号:Q969.54/36] | 在馆 |